Phát triển kỹ năng lập kế hoạch tự học cho sinh viên trường Đại học Cần Thơ : Báo cáo tổng kết đề tài Khoa học và Công nghệ cấp trường

Khảo sát thực trạng và đề xuất biện pháp phát triển kỹ năng lập kế hoạch tự học cho sinh viên trường Đại học Cần Thơ.

Sparad:
Bibliografiska uppgifter
Huvudupphovsman: Trần, Lương
Materialtyp: Bok
Språk:Undetermined
Publicerad: Cần Thơ Trường Đại học Cần Thơ 2017
Ämnen:
Taggar: Lägg till en tagg
Inga taggar, Lägg till första taggen!
Thư viện lưu trữ: Trung tâm Học liệu Trường Đại học Cần Thơ
LEADER 01023nam a2200229Ia 4500
001 CTU_230248
008 210402s9999 xx 000 0 und d
082 |a 370.7 
082 |b L561 
088 |a T2016-84 
100 |a Trần, Lương 
245 0 |a Phát triển kỹ năng lập kế hoạch tự học cho sinh viên trường Đại học Cần Thơ : 
245 0 |b Báo cáo tổng kết đề tài Khoa học và Công nghệ cấp trường 
245 0 |c Trần Lương (Chủ nhiệm đề tài) 
260 |a Cần Thơ 
260 |b Trường Đại học Cần Thơ 
260 |c 2017 
520 |a Khảo sát thực trạng và đề xuất biện pháp phát triển kỹ năng lập kế hoạch tự học cho sinh viên trường Đại học Cần Thơ. 
650 |a Giáo dục,Education 
650 |x Nghiên cứu,Research 
910 |b nthai 
980 |a Trung tâm Học liệu Trường Đại học Cần Thơ